| 000 | 01051aam a2200313 i 4500 | ||
|---|---|---|---|
| 999 |
_c45611 _d45611 |
||
| 001 | 768714001 | ||
| 003 | CO-MdFUSB | ||
| 005 | 20200511130442.0 | ||
| 007 | ta | ||
| 008 | 200511t1984 enk |||| |||| 00| 0 eng d | ||
| 020 | _a0232516251 | ||
| 040 |
_bspa. _aCO-MdFUSB _cCO-MdFUSB _dCO-MdFUSBC _erda |
||
| 041 | _aeng | ||
| 082 |
_223 _a260 _bM978 |
||
| 100 | 1 |
_aMurphy-O'Connor, Cormac _eautor |
|
| 245 | 1 | 4 |
_aThe family of the church _c/ Cormac Murphy-O'Connor |
| 264 | 1 |
_aLondres : _bDarton, Longman and Todd, _c[1984] |
|
| 264 | 4 | _c© 1984 | |
| 300 |
_a114 páginas _c; 22 cm |
||
| 336 |
_atexto _btxt _2rdacontent |
||
| 337 |
_2rdamedia _asin mediación _bn |
||
| 338 |
_2rdacarrier _avolumen _bnc |
||
| 505 | _aLa familia de la iglesia - Una iglesia del mundo: Relaciones entre cristianos y entre cristianos y otras tradiciones - Juventud y servicio - Política, libertad y autoridad - Algunasasuntos católicas romanas | ||
| 563 | _aRústico | ||
| 650 | 7 |
_9655 _aIglesia |
|
| 942 | _cBK | ||
| 945 | _aJTF-925 | ||